| 000 | 00617nam a2200217Ia 4500 | ||
|---|---|---|---|
| 008 | 160803s9999 xx 000 0 und d | ||
| 020 | _a051623840X | ||
| 100 | _aThompson, Luke | ||
| 245 | _aTornadoes / | ||
| 245 | _cLuke Thompson. | ||
| 260 | _aNew York : | ||
| 260 | _bScholastic Inc. | ||
| 260 | _c2000 | ||
| 300 | _a48 pages : | ||
| 300 | _bcolor illustrations, color maps ; | ||
| 300 | _c23 cm. | ||
| 500 | _a"This Scholastic edition is only available for distribution through the school market"--Page 4 of cover. | ||
| 650 | _aTornadoes -- | ||
| 650 | _xJuvenile literature. | ||
| 700 | _a980 | ||
| 999 |
_c299249 _d299249 |
||